British TV (A-Z) Quiz Stats

 Plays Quiz Updated Nov 17, 2017

Challenge
Share
Tweet
Embed
Score 0/26 Timer 05:00
2 Plays Today
Letter TV show % Correct
DDoctor Who
93.2%
FFawlty Towers
84.5%
XX Factor
75.9%
BBlue Peter
71.3%
KKeeping Up Appearances
64.6%
YYes Minister
60.3%
IInspector Morse
60.2%
QQuestion Time
60%
WWho Wants to Be a Millionaire?
59.5%
OOnly Fools & Horses
57.5%
RRainbow
54.9%
HHollyoaks
53.3%
NNever Mind The Buzzcocks
52%
Letter TV show % Correct
GGavin & Stacey
48.5%
MMidsomer Murders
44.9%
UUniversity Challenge
44.8%
ZZ-cars
41.7%
SSteptoe & Son
40.1%
AAuf Wiedersehen, Pet
37.8%
PPoldark
37.8%
EEldorado
37%
JJonathan Creek
30.5%
LLater... with Jools Holland
30.5%
TThat's Life
29.8%
VVan der Valk
21.3%
CCranford
18%

You're not logged in!

Compare scores with friends on all Sporcle quizzes.
Join for Free
OR
Log In

You Might Also Like...

Show Comments

Extras

Top Quizzes Today


Score Distribution

Your Account Isn't Verified!

In order to create a playlist on Sporcle, you need to verify the email address you used during registration. Go to your Sporcle Settings to finish the process.

Report this User

Report this user for behavior that violates our Community Guidelines.

Details: